Current problems of hydrogeology in urban areas, urban agglomerates and industrial centres
| Main Authors: | , |
|---|---|
| Format: | Book |
| Language: | English |
| PhysicalDescription: | ix, 500 strán fotografie, grafy, mapy, schémy, tabuľky 24 cm |
| Published: |
Dordrecht
Springer Science+Business Media, B.V.
2002
|
| ISBN: | 9781402006012 9789401004091 |
| Edition: | Softcover reprint of the hardcover 1st edition 2002 |
| Series: | NATO science series
Earth and environmental sciences |
| Subjects: |
MARC
| LEADER | 00000cam a2200000 a 4500 | ||
|---|---|---|---|
| 001 | vtls012148018 | ||
| 003 | SK-MaSNL | ||
| 005 | 20260301124616.0 | ||
| 008 | 220907s2002 ne odblfrn 001 0 eng | ||
| 015 | |a SNBZSA2023/11 | ||
| 020 | |a 9781402006012 |q (brožované) | ||
| 020 | |a 9789401004091 |q (eBook) | ||
| 040 | |a SNK |b slo |c SNK |e rda | ||
| 041 | 0 | |a eng | |
| 044 | |a ne |c NL | ||
| 072 | 7 | |a 556 |x Hydrológia |2 konspekt | |
| 080 | |a 556.3 |2 2011 | ||
| 080 | |a 628.1.033 |2 2011 | ||
| 080 | |a 556 |2 2011 | ||
| 080 | |a 911.375 |2 2011 | ||
| 080 | |a (078.7) |2 2011 | ||
| 080 | |a (082) |2 2011 | ||
| 245 | 0 | 0 | |a Current problems of hydrogeology in urban areas, urban agglomerates and industrial centres |c edited by Ken W.F. Howard and Rauf G. Israfilov |
| 246 | 1 | |i Podnázov z rubu titulnej strany: |a Proceedings of the NATO Advanced Research Workshop on ... Baku, Azerbaijan, 29 May - 1 June 2001 | |
| 250 | |a Softcover reprint of the hardcover 1st edition 2002 | ||
| 264 | 1 | |a Dordrecht |b Springer Science+Business Media, B.V. |c 2002 | |
| 300 | |a ix, 500 strán |b fotografie, grafy, mapy, schémy, tabuľky |c 24 cm | ||
| 336 | |a text |b txt |2 rdacontent | ||
| 337 | |a bez média |b n |2 rdamedia | ||
| 338 | |a zväzok |b nc |2 rdacarrier | ||
| 490 | 1 | |a NATO science series |v IV. |a Earth and environmental sciences |v Vol. 8 | |
| 500 | |a Workshop sa konal v máji 2001 v Baku | ||
| 504 | |a Bibliografia za jednotlivými príspevkami. Register | ||
| 650 | 0 | 7 | |a vodovody |2 SNKPH |9 29351 |
| 650 | 0 | 7 | |a podzemné vody |2 SNKPH |9 3610 |
| 650 | 0 | 7 | |a hydrológia |2 SNKPH |9 853 |
| 650 | 0 | 7 | |a hydrogeológia |2 SNKPH |9 3611 |
| 650 | 0 | 7 | |a mestá |2 SNKPH |9 2929 |
| 650 | 0 | 7 | |a Water supply systems |2 SNKPHeng |9 310458 |
| 650 | 0 | 7 | |a Groundwater |2 SNKPHeng |9 267500 |
| 650 | 0 | 7 | |a Hydrology |2 SNKPHeng |9 267189 |
| 650 | 0 | 7 | |a Hydrogeology |2 SNKPHeng |9 310459 |
| 650 | 0 | 7 | |a Towns |2 SNKPHeng |9 270165 |
| 655 | 7 | |a prípadové štúdie |2 SNKPH |9 70498 | |
| 655 | 7 | |a zborníky |2 SNKPH |9 70165 | |
| 655 | 7 | |a Case studies |2 SNKPHeng |9 302769 | |
| 655 | 7 | |a Papers of several authors |2 SNKPHeng |9 153738 | |
| 700 | 1 | |a Israfilov, Rauf G., |d 1956- |4 edt |4 aut |9 233145 | |
| 700 | 1 | |a Howard, Ken W.F. |4 edt |4 aut |9 310460 | |
| 830 | 0 | |a NATO science series |9 310461 | |
| 830 | 0 | |a Earth and environmental sciences |9 310462 | |
| 852 | |a Slovenská národná knižnica | ||
| 919 | |a 978-1-4020-0601-2 | ||
| 919 | |a 978-94-010-0409-1 | ||
| 954 | |a odborná, vedecká literatúra cudzojazyčná (svetová) |2 lita | ||
| 954 | |a odborná, vedecká literatúra pôvodná (slovenská) |2 lita | ||
| 958 | |a ZS | ||
| 958 | |a NB | ||
| 999 | |c 739976 |d 741906 | ||
| 952 | |a SNK |b SNK |y PREZ |7 0 |p 17A1527363 |o snkSC 201775 |i snk2023/5770 |8 4 |g 167.09 |0 0 |1 0 |4 0 |d 2022-09-07 |l 0 |r 2025-10-24 00:00:00 |w 2026-02-23 | ||


